000
00313nam a2200121Ia 4500
008
190902s9999||||xx |||||||||||||| ||und||
020
_a
978-969-407-370-5
100
_a
ICAMP Study Text
245
0
_a
ML-203 Fundamentals of Management
260
_a
London
_b
Royal Book Company
_c
2011
300
_a
533
942
_c
BK
999
_c
2827
_d
2827